Statistics for Top 10 NBA Small Forwards

Click here to take the quiz!

General Stats

  • This quiz has been taken 10 times
  • The average score is 6 of 10

Answer Stats

TopAnswer% Correct
1LeBron James
100%
10Kevin Durant
89%
3Julius Erving
78%
2Larry Bird
78%
4Scottie Pippen
78%
6James Worthy
56%
9Elgin Baylor
44%
8Dominique Wilkins
33%
5John Havlicek
22%
7Paul Pierce
22%

Score Distribution

Percentile by Number Answered

Percent of People with Each Score

Your Score History

You have not taken this quiz